Katseye - Debut - Statistics

General Stats
  • This quiz has been taken 506 times
  • The average score is 231 of 306
Answer Stats
Answer % Correct
i
98%
do
93%
La
92%
la
92%
on
92%
a
90%
no
90%
don't
89%
need
88%
it
86%
me
86%
the
85%
like
84%
we
84%
that
82%
to
82%
in
80%
one
80%
simple
79%
back
78%
debut
78%
two
78%
coming
77%
keep
77%
oh
77%
three
77%
as
76%
love
76%
they
76%
it's
75%
know
75%
uh
74%
my
73%
once
73%
what
72%
best
71%
run
71%
step
71%
flexin'
70%
how
70%
twice
70%
ain't
69%
friends
69%
pull
69%
right
68%
that's
67%
huh
66%
just
66%
myself
66%
up
66%
come
65%
i'll
64%
this
63%
turn
62%
can
61%
cookie
61%
check
60%
make
60%
wanna
60%
babe
58%
cutter
58%
hundred
58%
or
58%
tell
57%
and
56%
ee
56%
perfect
55%
scene
55%
you'll
55%
dice
54%
baddies
53%
nobody
53%
ordinary
53%
some
53%
tryna
53%
nice
52%
roll
52%
'bout
49%
gate
49%
naughty
48%
dictionary
47%
time
47%
turns
47%
found
46%
at
45%
bourgeoisie
45%
find
45%
ride
45%
us
43%
die
40%
not
40%
inside
38%
under
36%
thru
31%
No matching quizzes found
Score Distribution
Percent of People with Each Score
Percentile by Number Answered
Your Score History
You have not taken this quiz